|
|
|
|
| LEADER |
01437nam a2200289 a 4500 |
| 001 |
GR-MES15871 |
| 008 |
131002s2010 gr g 000 0 gre d |
| 020 |
|
|
|a 9789606780585
|
| 040 |
|
|
|a GrPaTEI
|b gre
|c GR-PaULI
|
| 040 |
|
|
|a GrPaTEI
|b gre
|c GR-PaULI
|
| 082 |
|
0 |
|a 657.3
|2 22
|
| 100 |
1 |
|
|a Αληφαντής, Γεώργιος Στ.
|
| 245 |
1 |
0 |
|a Ενοποιημένες οικονομικές καταστάσεις :
|b Νομοθεσία και πρακτική, φορολογία διεθνών ομιλιών, προσάρτημα ασκήσεων /
|c Γεωργίου Στ. Αληφαντή.
|
| 250 |
|
|
|a 5η έκδ.
|
| 260 |
|
|
|a Αθήνα :
|b Πάμισος,
|c 2010
|
| 300 |
|
|
|a 655 σ. :
|b πίν.
|
| 500 |
|
|
|a Σύστημα "ΕΥΔΟΞΟΣ": αρ. είσ. 26869
|
| 610 |
|
4 |
|a Σύστημα ΕΥΔΟΞΟΣ
|
| 650 |
|
0 |
|a Financial statements,consolidated
|y Greece
|
| 650 |
|
4 |
|a Εταιρείες
|x Ενοποίηση και συγχώνευση
|
| 650 |
|
4 |
|a ΧΡΗΜΑΤΟΟΙΚΟΝΟΜΙΚΕΣ ΚΑΤΑΣΤΑΣΕΙΣ
|
| 650 |
1 |
0 |
|a χρηματοοικονομική λογιστική
|
| 710 |
0 |
|
|a Πάμισος
|
| 942 |
|
|
|2 ddc
|
| 952 |
|
|
|0 0
|1 0
|2 ddc
|4 0
|6 657_300000000000000_ΑΛΗ
|7 0
|9 273523
|a MSLG
|b MSLG
|c EUD
|d 2021-01-17
|e 24
|f 0
|g 0.00
|l 0
|o 657.3 ΑΛΗ
|p 2420000026869
|r 2021-01-17 00:00:00
|t 1
|v 2021.00
|w 2021-01-17
|y BK15
|x 20131031 0 ΧΑΣΑΝΗ 0
|x GrPaTEI
|
| 971 |
|
|
|a .b25819203
|b 08-10-20
|c 13-09-16
|
| 999 |
|
|
|c 158444
|d 158444
|